La lucha política contra la droga / (Record no. 18648)

MARC details
000 -LEADER
campo de control de longitud fija 00846nam a22002775i 4500
001 - NÚMERO DE CONTROL
campo de control 18648
003 - IDENTIFICADOR DE NÚMERO DE CONTROL
campo de control ES-MaACL
005 - FECHA Y HORA DE LA ÚLTIMA TRANSACCIÓN
campo de control 20230906151905.0
007 - CAMPO FIJO DE DESCRIPCIÓN FÍSICA--INFORMACIÓN GENERAL
campo de control de longitud fija t|
008 - DATOS DE LONGITUD FIJA--INFORMACIÓN GENERAL
campo de control de longitud fija 020215s1993 sp ||||0| spa j
020 ## - NÚMERO INTERNACIONAL ESTÁNDAR DEL LIBRO
Número Internacional Estándar del Libro 84-8041-030-2
040 ## - FUENTE DE CATALOGACIÓN
Centro catalogador/agencia de origen M-BN
Lengua de catalogación spa
Centro/agencia transcriptor M-BN
080 ## - NÚMERO DE LA CLASIFICACIÓN DECIMAL UNIVERSAL
Número de la Clasificación Decimal Universal 364.272.043(460)
080 ## - NÚMERO DE LA CLASIFICACIÓN DECIMAL UNIVERSAL
Número de la Clasificación Decimal Universal 343.575(460)
100 1# - ENTRADA PRINCIPAL--NOMBRE DE PERSONA
Nombre de persona Elorriaga, Gabriel.
9 (RLIN) 47081
245 13 - MENCIÓN DEL TÍTULO
Título La lucha política contra la droga /
Mención de responsabilidad, etc. Gabriel Elorriaga.
260 ## - PUBLICACIÓN, DISTRIBUCIÓN, ETC.
Lugar de publicación, distribución, etc. Madrid :
Nombre del editor, distribuidor, etc. Fundación Cánovas del Castillo,
Fecha de publicación, distribución, etc. D.L. 1993.
300 ## - DESCRIPCIÓN FÍSICA
Extensión 229 p ;
Dimensiones 21 cm.
490 1# - MENCIÓN DE SERIE
Mención de serie Veintiuno
650 14 - PUNTO DE ACCESO ADICIONAL DE MATERIA--TÉRMINO DE MATERIA
Término de materia o nombre geográfico como elemento de entrada Drogas-
Subdivisión general Consumo-
Subdivisión geográfica España-
Subdivisión general Prevención.
9 (RLIN) 11980
650 14 - PUNTO DE ACCESO ADICIONAL DE MATERIA--TÉRMINO DE MATERIA
Término de materia o nombre geográfico como elemento de entrada Tráfico de drogas-
Subdivisión geográfica España.
9 (RLIN) 17617
710 2# - ENTRADA AGREGADA--NOMBRE DE ENTIDAD CORPORATIVA
Nombre de entidad corporativa o nombre de jurisdicción como elemento de entrada Fundación Cánovas del Castillo.
9 (RLIN) 4244
830 0# - PUNTO DE ACCESO ADICIONAL DE SERIE-TÍTULO UNIFORME
Título uniforme Veintiuno
9 (RLIN) 180481
852 ## - LOCALIZACIÓN
Ubicación ES-MaACL
Número de control de estantería L-25223
Sublocalización o colección R.130731
Holdings
Estatus retirado Estado de pérdida Estado de daño No para préstamo Biblioteca de origen Biblioteca actual Ubicación en estantería Fecha de adquisición Fuente de adquisición Total de préstamos Signatura topográfica completa Código de barras Visto por última vez Precio de reemplazo Tipo de ítem Koha
        Biblioteca del Ateneo de Madrid Biblioteca del Ateneo de Madrid Depósito 2 17/01/2008     L-25223 1019082 23/02/2023 23/02/2023 Libro impreso